01234nam a2200241Ia 4500001001100000003001000011008004100021040002500062041001200087100001200099245006900111250001100180260006300191300001200254500017700266501011400443520017700557650004000734942000700774957000600781999004300787952016200830L475-25589IT-CnALBA170116s9999||||xx |||||||||||||| ||und|| aIT-CnALBAcIT-CnALBA aLATINO  aAA. VV. 0aNOVAE ANTHOLOGIAE- LIBER II. IN USUM SCHOLARUM ORDINIS SECUNDI.  a1a ed. aTORINObREGIA TYPOGRAPHIA OFFICINA. c1856 [1° Ed.: n.d.] a320 p.  aCICERONE, DE ORTENSIO. SALLUSTIO, GUERRA CATILINARIA E GUERRA GIUGURTINA. TITO LIVIO. PLINIO. TACITO. SVETONIO. PLAUTO. TERENZIO. CATULLO, CARME NUZIALE. OVIDIO. MARZIALE.  aSocietà San Paolo EM - Piazza San Paolo, 14 - 12051 ALBA (CN) (non commercial uses only) ® Copyright 2017 aCICERONE, DE ORTENSIO. SALLUSTIO, GUERRA CATILINARIA E GUERRA GIUGURTINA. TITO LIVIO. PLINIO. TACITO. SVETONIO. PLAUTO. TERENZIO. CATULLO, CARME NUZIALE. OVIDIO. MARZIALE.  aGRAMMATICA LATINA SINTASSI ESERCIZI cBK 71 a30376bSI g Copie: 1 c284702d284702 0010406L_4752558971aALBAbALBAd2017-01-16l0oL475-25589r2017-01-16 00:00:00w2017-01-16yBKz(data import: 16 gennaio 2017) - By Epidotti, Vaglietti.